| 000 -LEADER |
| fixed length control field |
02742cam a22004335i 4500 |
| 001 - CONTROL NUMBER |
| control field |
21678030 |
| 005 - DATE AND TIME OF LATEST TRANSACTION |
| control field |
20241113150610.0 |
| 006 - FIXED-LENGTH DATA ELEMENTS--ADDITIONAL MATERIAL CHARACTERISTICS--GENERAL INFORMATION |
| fixed length control field |
m |o d | |
| 007 - PHYSICAL DESCRIPTION FIXED FIELD--GENERAL INFORMATION |
| fixed length control field |
cr ||||||||||| |
| 008 - FIXED-LENGTH DATA ELEMENTS--GENERAL INFORMATION |
| fixed length control field |
180616s2019 gw |||| o |||| 0|eng |
| 010 ## - LIBRARY OF CONGRESS CONTROL NUMBER |
| LC control number |
2019745914 |
| 020 ## - INTERNATIONAL STANDARD BOOK NUMBER |
| International Standard Book Number |
9783319901015 |
| 024 7# - OTHER STANDARD IDENTIFIER |
| Standard number or code |
10.1007/978-3-319-90101-5 |
| Source of number or code |
doi |
| 035 ## - SYSTEM CONTROL NUMBER |
| System control number |
(DE-He213)978-3-319-90101-5 |
| 040 ## - CATALOGING SOURCE |
| Original cataloging agency |
DLC |
| Language of cataloging |
eng |
| Description conventions |
pn |
| -- |
rda |
| Transcribing agency |
DLC |
| 072 #7 - SUBJECT CATEGORY CODE |
| Subject category code |
JP |
| Source |
bicssc |
| 072 #7 - SUBJECT CATEGORY CODE |
| Subject category code |
JP |
| Subject category code subdivision |
1D |
| Source |
thema |
| 072 #7 - SUBJECT CATEGORY CODE |
| Subject category code |
POL058000 |
| Source |
bisacsh |
| 082 04 - DEWEY DECIMAL CLASSIFICATION NUMBER |
| Classification number |
B2 F955 |
| 100 1# - MAIN ENTRY--PERSONAL NAME |
| Personal name |
Zurnić, Marija. |
| Relator term |
author. |
| 9 (RLIN) |
48719 |
| 245 10 - TITLE STATEMENT |
| Title |
Corruption and Democratic Transition in Eastern Europe : |
| Remainder of title |
The Role of Political Scandals in Post-Milošević Serbia / |
| Statement of responsibility, etc |
by Marija Zurnić. |
| 250 ## - EDITION STATEMENT |
| Edition statement |
1st ed. 2019. |
| 260 ## - PUBLICATION, DISTRIBUTION, ETC. (IMPRINT) |
| Place of publication, distribution, etc |
London |
| Name of publisher, distributor, etc |
Profile Books |
| Date of publication, distribution, etc |
2014 |
| 300 ## - PHYSICAL DESCRIPTION |
| Extent |
1 online resource (XI, 262 pages 2 illustrations in color.) |
| 490 1# - SERIES STATEMENT |
| Series statement |
Political Corruption and Governance |
| 520 ## - SUMMARY, ETC. |
| Summary, etc |
This book examines the relationship between corruption scandals and transitional processes in post-Milošević Serbia after 2000. The study challenges the view that corruption has always been understood as a conflict between private interests and the public good, as these concepts are defined in Western democracies, and explores how anti-corruption discourse has been used for political mobilisation. Through an examination of high-profile political scandals in Serbia, the author shows how the meaning of corruption changed over time. In the early 2000s, corruption focused on the legacy of Milošević's rule and was identified through the public's limited access to the privatisation process. By the end of the decade, conceptualisations of corruption in public debate were so diversified that each anti-corruption measure undertaken by the state was interpreted as an act of corruption by other voices in the discourse. The book will appeal to students and scholars interested in corruption studies, discourse analysis and Balkan politics. Marija Zurnić is an independent researcher in anti-corruption studies and discourse analysis in Southeast Europe. |
| 650 #0 - SUBJECT ADDED ENTRY--TOPICAL TERM |
| Topical term or geographic name as entry element |
Democracy. |
| 9 (RLIN) |
48720 |
| 650 #0 - SUBJECT ADDED ENTRY--TOPICAL TERM |
| Topical term or geographic name as entry element |
Europe-Politics and government. |
| 9 (RLIN) |
48721 |
| 650 #0 - SUBJECT ADDED ENTRY--TOPICAL TERM |
| Topical term or geographic name as entry element |
Political leadership. |
| 9 (RLIN) |
48722 |
| 650 14 - SUBJECT ADDED ENTRY--TOPICAL TERM |
| Topical term or geographic name as entry element |
European Politics. |
| 9 (RLIN) |
48723 |
| 650 24 - SUBJECT ADDED ENTRY--TOPICAL TERM |
| Topical term or geographic name as entry element |
Democracy. |
| 9 (RLIN) |
48720 |
| 650 24 - SUBJECT ADDED ENTRY--TOPICAL TERM |
| Topical term or geographic name as entry element |
Political Leadership. |
| 9 (RLIN) |
48724 |
| 776 08 - ADDITIONAL PHYSICAL FORM ENTRY |
| Display text |
Print version: |
| Title |
Corruption and democratic transition in Eastern Europe. |
| International Standard Book Number |
9783319901008 |
| Record control number |
(DLC) 2018942880 |
| 776 08 - ADDITIONAL PHYSICAL FORM ENTRY |
| Display text |
Printed edition: |
| International Standard Book Number |
9783030079345 |
| 776 08 - ADDITIONAL PHYSICAL FORM ENTRY |
| Display text |
Printed edition: |
| International Standard Book Number |
9783319901008 |
| 776 08 - ADDITIONAL PHYSICAL FORM ENTRY |
| Display text |
Printed edition: |
| International Standard Book Number |
9783319901022 |
| 830 #0 - SERIES ADDED ENTRY--UNIFORM TITLE |
| Uniform title |
Political Corruption and Governance |
| 9 (RLIN) |
48725 |
| 906 ## - LOCAL DATA ELEMENT F, LDF (RLIN) |
| a |
0 |
| b |
ibc |
| c |
origres |
| d |
u |
| e |
ncip |
| f |
20 |
| g |
y-gencatlg |